|
|
|
|
| LEADER |
00000nam0a2200000 4500 |
| 001 |
669674 |
| 005 |
20231211143820.0 |
| 090 |
|
|
|a 669674
|
| 100 |
|
|
|a 20170323d1978 k y0rusy50 ca
|
| 101 |
0 |
|
|a rus
|
| 102 |
|
|
|a RU
|
| 105 |
|
|
|a a z 001yy
|
| 181 |
|
0 |
|a i
|b e
|
| 182 |
|
0 |
|a n
|
| 183 |
|
0 |
|a nc
|2 RDAcarrier
|
| 200 |
1 |
|
|a Окускование железных руд и концентратов
|h [Вып.] 1
|e тематический отраслевой сборник
|f СССР, Министерство черной металлургии (Минчермет)
|
| 203 |
|
|
|a Текст
|b визуальный
|c непосредственный
|
| 210 |
|
|
|a Свердловск
|c Изд-во Ин-та Уралмеханприбор
|d 1973
|
| 215 |
|
|
|a 132 с.
|c ил.
|
| 283 |
|
|
|2 RDAcarrier
|a volume
|
| 320 |
|
|
|a Библиогр. в конце ст.
|
| 606 |
1 |
|
|a Железные руды
|x Окускование
|2 stltpush
|3 (RuTPU)RU\TPU\subj\10480
|9 37548
|
| 610 |
1 |
|
|a концентраты
|
| 610 |
1 |
|
|a агломераты
|
| 610 |
1 |
|
|a отходы
|
| 610 |
1 |
|
|a утилизация
|
| 610 |
1 |
|
|a окатыши
|
| 675 |
|
|
|a 622.788
|v 4
|
| 712 |
0 |
1 |
|a СССР
|b Министерство черной металлургии (Минчермет)
|c (1946-1989)
|3 (RuTPU)RU\TPU\col\15565
|
| 801 |
|
1 |
|a RU
|b 63413507
|c 20170323
|
| 801 |
|
2 |
|a RU
|b 63413507
|c 20170425
|g RCR
|
| 850 |
|
|
|a 63413507
|
| 942 |
|
|
|c CR
|